00724nam a2200181 i 4500003000900000005001700009007000300026008004100029040003000070082000700100245005800107264006700165300002800232336002700260337003300287338002800320500019400348DO-SdBNP20230913141233.0ta230913b1938 dr ||||| |||| 00| 0 spa d aDO-SdBNPbspacBNPHUerda 422200aSinodo diocesano de la arquidiocesis de Santo Domingo aCiudad Trujillo, República Dominicana :bFranciscana,c1938. a130 páginas ;c20 cm. 2rdacontentatextobtxt 2rdamediaasin mediaciónbn 2rdacarrieravolumenbnc aCelebrado bajo la prelacía del llmo. y rvmo. se{or arzobispo don Ricardo Pittini, en la santa basílica metropolitana, los días 20,21, y 22 del mes de abril del año del señor 1938.